• 首页
  • 本馆介绍
  • 公告通知
  • 最新文献
  • 馆藏检索
  • 电子资源
  • 读者导购
  • 参考咨询
  • 我的图书馆
  • 登录
  • 详细信息显示
  • 放入我的书架
  • 预约/预借图书
  • 作者相关作品
  • 分类相关作品
  • 丛书相关作品
  • 出版社相关作品

书目信息

  • 表格格式
  • 工作单格式
  • 卡片格式
书名: Human resource management
作者:
分册号:
分册名:
出版地: Upper Saddle River, N.J. :
 
出版社: Prentice Hall
出版时间: c2003.
页数: xxxi, 558 p. :
开本: 27 cm.
丛书名:
中图分类号:
科图分类号:
其他分类号: F241
主题词:
电子资源:
000 01125nam 2200289 a 4500
001 E0760066045
004 000807363
005 20070313164649.12
008 010919s2003----njua-----b----001-0-eng--
008 4001uueng0000000
010    @a2001051376
020    @a0130664928 :@cUSD85.00.
040    @aDLC @cDLC @dDLC
042    @apcc
050 00 @aHF5549 @b.D4379 2003
082 00 @a658.3 @221
090    @aF272.92 @bD475/2003
090    @aF241
099    @dF241@ex16=9
100 1  @aDessler, Gary, @d1942-
245 10 @aHuman resource management :@bGary Dessler
250    @a9th ed.
260    @aUpper Saddle River, N.J. :@bPrentice Hall,@cc2003.
300    @axxxi, 558 p. :@bill. (some col.) ;@c27 cm.
504    @aIncludes bibliographical references and indexes.
650  0 @aPersonnel management. @b02 @c20030209 @lNLC09 @h1533 @b00 @c20030209 @lNLC09 @h1533 @b00 @c20030209 @lNLC09 @h1535 @b00 @c20030210 @lNLC09 @h0316 @b40 @c20030224 @lNLC09 @h1240 @b00 @c20030224 @lNLC09 @h1240 @b00 @c20030224 @lNLC09 @h1241 @b00 @c20030224 @lNLC09 @h1241
852 0  @bWWJC @cJ09 @k2-2003 @hF272.92 @iD475/2003
    
    Human resource management : : Gary Dessler.-9th ed.-Upper Saddle River, N.J. : : Prentice Hall, , c2003.
    xxxi, 558 p. : : ill. (some col.) ; ; 27 cm.
    Includes bibliographical references and indexes.
    
    ISBN 0130664928 :USD85.00.
    
●
相关链接 在E读中查询图书 在五车中查询图书 在当当中查询图书 在豆瓣中查询图书


正题名:Human resource management     索取号:F241/x16=9         预约/预借

序号 登录号 条形码 馆藏地/架位号 状态 备注
1 0001689   300016890   第二样本阅览室/ [索取号:F241/x16=9] 在馆    
2 0001690   300016907   第四借阅区/ [索取号:F241/x16=9] 在馆    
3 0002640   300026406   第四借阅区/ [索取号:F241/x16=9] 在馆    
4 0002641   300026415   第四借阅区/ [索取号:F241/x16=9] 在馆    
5 0002642   300026424   第四借阅区/ [索取号:F241/x16=9] 在馆    
唐山师范学院图书馆 欢迎您!
大连网信软件有限公司© 版权所有